000 00342pam a2200133 a 4500
020 _c
041 _h
082 _a657.42
_bMAT/USR
100 _aMATZ A.,USRY M.F.,
245 _aCOST ACCOUNTING PLANNING AND CONTROL
_hTextual Documents
260 _aBOMBAY
_bD B TERAPOREVALA SONS and CO PVT LTD
_c1976
300 _aXII+947
930 _a7088
999 _c126551
_d126551